| 000 | 00949nam a22002657a 4500 | ||
|---|---|---|---|
| 001 | BR8006986 | ||
| 003 | BR-BrBNA | ||
| 005 | 20230928090818.0 | ||
| 007 | ta | ||
| 008 | 230509b bl.||||| |||| 00| 0 por d | ||
| 040 |
_aBR-BrBNA _bpor _cBiblioteca Nacional de Agricultura |
||
| 041 | _a(Por) | ||
| 072 |
_aQ10; Q30 _b9730 |
||
| 090 | _ 9730 BR8006986 | ||
| 110 | 1 |
_aFundacao Centro Tecnologico de Minas Gerais, Belo Horizonte (Brasil). Setor de Tecnologia de Alimentos _94819 |
|
| 245 | 1 |
_aEstudo para o desenvolvimento da producao de embutidos de carne _bRelatorio final |
|
| 260 | 3 |
_aBelo Horizonte, MG (Brasil): _c1980. |
|
| 300 | _a88 p. | ||
| 500 | _a(*) Documento disponível no(a) Fundacao Centro Tecnologico de Minas Gerais, Belo Horizonte (Brazil). Setor de Tecnologia de Alimentos | ||
| 650 | _aTECNOLOGIA DE ALIMENTO | ||
| 650 | _aCARNE TRATADA | ||
| 650 | _aEMBALAGEM | ||
| 909 |
_a202309 _bLucia _c55 _dLucia Elande |
||
| 942 | _cBK | ||
| 999 |
_c30672 _d30672 |
||